| 000 | 00763nam a2200253Ia 4500 | ||
|---|---|---|---|
| 008 | 100315s9999 xx 000 0 und d | ||
| 020 | _a9780749927004 | ||
| 040 | _cENGLISH | ||
| 082 |
_b11183 _a658 |
||
| 100 | _a"Silbiger, Steven " | ||
| 245 | _aThe 10 - Day MBA | ||
| 260 |
_aGREAT BRITAIN _bPiatkus _c2008 |
||
| 300 | _a"xxi,420 " | ||
| 365 |
_eRupees _d1 _b445.50 |
||
| 366 | _f10 | ||
| 505 | _gVaibhav Gaikwad | ||
| 530 |
_bBG (Shubham Books) 1161/30-10-2009 _a1161/30-10-2009 |
||
| 536 | _a01/04/2009-31/03/2010 | ||
| 620 | _a"Management, The 10 - Day MBA, Master of business administration degree " | ||
| 630 | _aThe 10 - Day MBA | ||
| 650 | _aMANAGEMENT | ||
| 730 | _aThe 10 - Day MBA | ||
| 942 | _cBOOK | ||
| 999 |
_c485917 _d485914 |
||